000 00871nam a22002657a 4500
001 BR7909395
003 BR-BrBNA
005 20230928090506.0
007 ta
008 230509b bl.||||| |||| 00| 0 por d
040 _aBR-BrBNA
_bpor
_cBiblioteca Nacional de Agricultura
041 _a(Por)
072 _aD10; E14
_b/G514
090 _ D10 BR7909395
110 1 _aComissao de Planejamento Agricola de Roraima, Boa Vista (Brasil)
_91998
245 1 _aProposta de modernizacao administrativa da SEAC/RR. Relatorio tecnico [Secretaria de Economia, Agricultura e Colonizacao, Roraima, Brasil]
260 3 _aBoa Vista, RR (Brasil):
_c[nd].
300 _a30 p.
500 _aPublished after 1978; 5 illus.
650 _aMODERNIZACAO ADMINISTRATIVA
650 _aPLANEJAMENTO AGRICOLA
650 _aRORAIMA
909 _a202309
_bLucia
_c55
_dLucia Elande
942 _cBK
999 _c29065
_d29065